000 00443nam a2200157 4500
001 112990
003 ES-MaACL
005 20230906185721.0
007 t|
008 061121s1950 sp r ||||1| spa d
110 2 _aMuseo Provincial de Bellas Artes de La Coruña.
_95915
245 1 0 _aMemoria
_b: 1949.
260 _aLa Coruña :
_b[s.n.],
_c1950 (
_fLit. e Imp. Roel)
300 _a13 p. ;
_c22 cm.
852 _aES-MaACL
_j1920-F-1
_bR.29732
999 _c112990
_d112990